000 00289pam a2200121 a 4500
020 _c
041 _h
082 _a741.685
_bPAG
245 _aLetterhead and Business Card2
_hTextual Documents
260 _a[s.l]:
_bpage one Publishing ,
_c2011.
300 _a356:
_bHard.
930 _a6000
999 _c239790
_d239790